000 00682nam a22002417a 4500
003 UA-OsUOA
001 20495
007 ta
008 20031031b un ||||| |||| 00| 0 ukr d
100 _aЦарфис П.Г.
090 _a911.3:622(47+57)
_bЦ18
942 _cBK
040 _aUA-OsUOA
_brus
_cUA-OsUOA
_dUA-OsUOA
245 _aГеография природных лечебных богатств СССР
_bКурортологические аспекты
300 _a237 с.
_bІлюстрації
955 _a0
041 _arus
080 _a911.3:622(47+57)
260 _aМосква
_bМысль
_c1986
044 _aRU
650 7 _2UDC
999 _c306674
_d306674